|
|
|
|
| LEADER |
01179nam a2200313 a 4500 |
| 001 |
40057 |
| 003 |
BD-DhAAL |
| 008 |
221116t1992 ne d 000 0 eng d |
| 999 |
|
|
|c 45063
|d 45063
|
| 010 |
|
|
|a 94131685
|
| 020 |
|
|
|a 9070125609
|
| 040 |
|
|
|a DLC
|c DLC
|d DLC
|d BD-DhAAL
|
| 050 |
0 |
0 |
|a K4459.3
|b .I58 1992
|
| 082 |
0 |
0 |
|a 336.2003
|
| 245 |
0 |
0 |
|a International tax glossary /
|c edited by Susan M. Lyons.
|
| 250 |
|
|
|a Revised second edition.
|
| 260 |
|
|
|a Amsterdam :
|b International Bureau of Fiscal Documentation,
|c c1992.
|
| 300 |
|
|
|a vi, 295 pages ;
|c 20 cm.
|
| 500 |
|
|
|a "NUGI 696"--T.p. verso.
|
| 541 |
|
|
|a Donated By Akbar Ali Khan
|e 40057
|
| 650 |
|
0 |
|a Taxation
|x Law and legislation
|x Dictionaries.
|9 52421
|
| 650 |
|
0 |
|a Taxation
|x Dictionaries.
|9 52422
|
| 650 |
|
0 |
|a Law.
|9 52423
|
| 700 |
|
|
|a Lyons, Susan M.
|9 52424
|
| 710 |
2 |
|
|a International Bureau of Fiscal Documentation.
|9 52425
|
| 740 |
0 |
|
|a Tax glossary.
|
| 852 |
|
|
|a Ayesha Abed Library
|c Akbar Ali Khan Collection
|
| 942 |
|
|
|2 ddc
|c BK
|
| 952 |
|
|
|0 0
|1 0
|2 ddc
|4 0
|6 336_200300000000000_INT
|7 1
|9 72356
|a BRACUL
|b BRACUL
|c CS1
|d 2022-11-16
|e Donated by Akbar Ali Khan
|l 0
|o 336.2003 INT
|p 3010040057
|r 2022-11-16
|t 1
|w 2022-11-16
|y BK
|